Statistics for GCSE History - Henry VIII and his Ministers -Thomas Cromwell

Click here to take the quiz!

General Stats

  • This quiz has been taken 92 times
  • The average score is 6 of 19

Answer Stats

HintAnswer% Correct
In what month of the same year is Anne asked to leave court?June
83%
In the January of what year does Henry fall from his horse?1536
68%
On the 30th of the same month who does Henry marry?Jane Seymour
68%
What month of 1533 is Anne crowned queen?September
65%
January 1533 this bishops secretly marries Henry and Anne Boleyn.Archbishop Cranmer
49%
In the January of what year does Henry marry Anne of Cleaves?1540
48%
During the 1530's, who was Cromwell's main political opponent?The Duke of Norfolk
34%
Who spread rumours around the English court that Cromwell wanted to fully enforce Protestantism in England?Catherine Howard
25%
What act of the same year as the above questions, unifies England and Wales?Act of Union
22%
Still in the same year, what court does Cromwell create?Court of Augmentation
22%
March 1533 this act is passed stating England as an empire and not subject to foreign rule.Act in Restraint of Appeals
20%
On the 28th of July 1540, what two major events happen?Cromwell's execution
14%
4 months after Henry' marriage to Anne, what title does he grant Cromwel?Earl of Essex
14%
Henry's marriage to Catherine
12%
What act did parliament pass that condemned Cromwell to death? Act of Attainder
11%
In 1540 what court does Cromwell create to collect tax form the clergy?Court of First Fruits and Tenths
9%
What month of that same year is Anne executed?May 19th
9%
From 1509 - 1531 how many acts did parliament pass?203
8%
From 1532 - 1540 how many acts did parliament pass?333
8%

Score Distribution

Percentile by Number Answered

Percent of People with Each Score

Your Score History

You have not taken this quiz